000 00481nam a2200181Ia 4500
001 9491
005 20260306161722.0
008 260306t1996||||xx |||||||||||||| ||spa||
041 _aESP
082 _a379.46
_bF42
100 _aFernández Soria, Juan Manuel
_eAUT
245 0 _aCultura y libertad:
_bla educación en las juventudes libertarias (1936-1939)
260 _c1996
300 _a453 páginas :
_c20 cm.
650 _aGEN
654 _aCED
942 _cLIB
_dJUS
_fJUS
_2ddc
_n
999 _c9491
_d9491